| 000 | | | 05009cim0a2200349#x 450 |
| 001 | | | 11ba241d-5324-46b9-8dec-0cdd5b6f64c4 |
| 005 | | | 20250822144333.0 |
| 100 | ## | $a | 20250822d1972####k###0rusy50 ca |
| 101 | 0# | $a | rus |
| 102 | ## | $a | RU |
| 122 | 2# | $a | d19450717## |
| | $a | d19450802## |
| 125 | ## | $b | n# |
| 127 | ## | $a | 000450 |
| 135 | ## | $a | hrnnannnannun |
| 139 | ## | $a | uaz# |
| | $x | wma |
| 200 | 1# | $a | Фрагмент воспоминаний адмирала С. Г. Кучерова о Потсдамской конференции союзников в июле 1945 года (о вопросе раздела трофейного немецкого флота) |
| | $j | 1972 г. |
| 251 | ## | $c | Документ |
| 300 | ## | $a | Звукозапись |
| 300 | ## | $a | Время звучания: 04 мин. 50 сек. |
| 461 | #0 | $1 | 2001 |
| | $a | Ф. 1 |
| | $1 | 251 |
| | $c | Фонд |
| | $1 | 852 |
| | $j | 1 |
| 600 | #1 | $2 | prlib_sh |
| | $3 | LIBNET\UAF\0000117932 |
| | $a | Кучеров |
| | $b | С. Г. |
| | $g | Степан Григорьевич |
| | $f | 1902-1973 |
| | $j | Звукозаписи |
| 601 | 12 | $2 | prlib_sh |
| | $3 | LIBNET\UAF\0000087052 |
| | $a | Конференция трех держав - СССР, США и Великобритании |
| | $f | 1945 |
| | $e | Берлин, город; Германия |
| | $j | Звукозаписи |
| 605 | ## | $2 | prlib_sh |
| | $3 | LIBNET\UAF\0000088514 |
| | $a | Вторая мировая война в архивных документах (Комплекс оцифрованных архивных документов, кино- и фотоматериалов) |
| | $l | коллекция |
| 605 | ## | $2 | acquisition_Prlib |
| | $3 | DITM\AF\0000000338 |
| | $a | Память о Великой Победе |
| | $l | коллекция |
| 605 | ## | $2 | acquisition_Prlib |
| | $3 | DITM\AF\0000002775 |
| | $a | Власть |
| | $l | коллекция |
| 605 | ## | $2 | acquisition_Prlib |
| | $3 | DITM\AF\0000003834 |
| | $a | Народ |
| | $l | коллекция |
| 686 | ## | $a | 63.3(2)622,13я04 |
| | $v | LBC/M |
| | $2 | rubbk |
| 801 | #0 | $a | RU |
| | $b | ПБ им. Б.Н. Ельцина |
| | $c | 20250822 |
| 801 | #1 | $a | RU |
| | $b | ПБ им. Б.Н. Ельцина |
| | $c | 20250822 |
| | $2 | rusmarc |
| 801 | #2 | $a | RU |
| | $b | ПБ им. Б.Н. Ельцина |
| | $c | 20250822 |
| | $2 | rusmarc |
| 850 | ## | $a | Российский государственный архив кинофотофонодокументов |
| 852 | ## | $a | РГАКФФД |
| | $j | № 5817 (1-2) |
| 035 | ## | $a | LIBNET\0001493871 |
| 937 | ## | $d | 197982822 |
| | $h | Федеральное архивное агентство |
| 856 | 4# | $u | http://readingroom.main.prlib.ru/item.aspx?id_node=n197982822&mode=full |